<?xml version="1.0" encoding="UTF-8"?><?xml-stylesheet type="text/xsl" href="static/style.xsl"?><OAI-PMH xmlns="http://www.openarchives.org/OAI/2.0/" xmlns:xsi="http://www.w3.org/2001/XMLSchema-instance" xsi:schemaLocation="http://www.openarchives.org/OAI/2.0/ http://www.openarchives.org/OAI/2.0/OAI-PMH.xsd"><responseDate>2026-04-17T16:20:04Z</responseDate><request verb="GetRecord" identifier="oai:www.recercat.cat:10230/69184" metadataPrefix="marc">https://recercat.cat/oai/request</request><GetRecord><record><header><identifier>oai:recercat.cat:10230/69184</identifier><datestamp>2025-12-12T02:17:44Z</datestamp><setSpec>com_2072_6</setSpec><setSpec>col_2072_452952</setSpec></header><metadata><record xmlns="http://www.loc.gov/MARC21/slim" xmlns:dcterms="http://purl.org/dc/terms/" xmlns:xsi="http://www.w3.org/2001/XMLSchema-instance" xmlns:doc="http://www.lyncode.com/xoai" xsi:schemaLocation="http://www.loc.gov/MARC21/slim http://www.loc.gov/standards/marcxml/schema/MARC21slim.xsd">
   <leader>00925njm 22002777a 4500</leader>
   <datafield ind2=" " ind1=" " tag="042">
      <subfield code="a">dc</subfield>
   </datafield>
   <datafield ind2=" " ind1=" " tag="720">
      <subfield code="a">van Nunen, Erik</subfield>
      <subfield code="e">author</subfield>
   </datafield>
   <datafield ind2=" " ind1=" " tag="720">
      <subfield code="a">Nieuwenhuijsen, Mark J.</subfield>
      <subfield code="e">author</subfield>
   </datafield>
   <datafield ind2=" " ind1=" " tag="720">
      <subfield code="a">Curto Tirado, Ariadna, 1987-</subfield>
      <subfield code="e">author</subfield>
   </datafield>
   <datafield ind2=" " ind1=" " tag="720">
      <subfield code="a">Donaire González, David</subfield>
      <subfield code="e">author</subfield>
   </datafield>
   <datafield ind2=" " ind1=" " tag="720">
      <subfield code="a">Cirach, Marta</subfield>
      <subfield code="e">author</subfield>
   </datafield>
   <datafield ind2=" " ind1=" " tag="720">
      <subfield code="a">Hoek, Gerard</subfield>
      <subfield code="e">author</subfield>
   </datafield>
   <datafield ind2=" " ind1=" " tag="260">
      <subfield code="c">2025-01-20T07:35:50Z</subfield>
   </datafield>
   <datafield ind2=" " ind1=" " tag="260">
      <subfield code="c">2025-01-20T07:35:50Z</subfield>
   </datafield>
   <datafield ind2=" " ind1=" " tag="260">
      <subfield code="c">2017</subfield>
   </datafield>
   <datafield ind2=" " ind1=" " tag="520">
      <subfield code="a">Long-term ultrafine particle (UFP) exposure estimates at a fine spatial scale are needed for epidemiological studies. Land use regression (LUR) models were developed and evaluated for six European areas based on repeated 30 min monitoring following standardized protocols. In each area; Basel (Switzerland), Heraklion (Greece), Amsterdam, Maastricht, and Utrecht (“The Netherlands”), Norwich (United Kingdom), Sabadell (Spain), and Turin (Italy), 160–240 sites were monitored to develop LUR models by supervised stepwise selection of GIS predictors. For each area and all areas combined, 10 models were developed in stratified random selections of 90% of sites. UFP prediction robustness was evaluated with the intraclass correlation coefficient (ICC) at 31–50 external sites per area. Models from Basel and The Netherlands were validated against repeated 24 h outdoor measurements. Structure and model R2 of local models were similar within, but varied between areas (e.g., 38–43% Turin; 25–31% Sabadell). Robustness of predictions within areas was high (ICC 0.73–0.98). External validation R2 was 53% in Basel and 50% in The Netherlands. Combined area models were robust (ICC 0.93–1.00) and explained UFP variation almost equally well as local models. In conclusion, robust UFP LUR models could be developed on short-term monitoring, explaining around 50% of spatial variance in longer-term measurements.</subfield>
   </datafield>
   <datafield ind2=" " ind1=" " tag="520">
      <subfield code="a">This work was funded by the EU seventh Framework Program EXPOSOMICS Project. Grant Agreement No.: 308610, and the Compagnia di San Paolo (Turin, Italy) to Paolo Vineis. We are very grateful to the following people for their contribution: Jules Kerckhoffs, Cristina Vert Roca, Annemarie Melis, Andreas Schwärzler, Gregor Juretzko, Katja Stähli, Sandra Okorga, Benjamin Flueckiger, Lourdes Arjona, Pau Pañella, Danai Dafni, and Minas Iak. We thank Maastricht University and the municipality of Amsterdam for using their facilities during the short-term monitoring campaigns.</subfield>
   </datafield>
   <datafield tag="653" ind2=" " ind1=" ">
      <subfield code="a">Estructura química</subfield>
   </datafield>
   <datafield tag="653" ind2=" " ind1=" ">
      <subfield code="a">Seguiment ambiental</subfield>
   </datafield>
   <datafield tag="653" ind2=" " ind1=" ">
      <subfield code="a">Partícules (Matèria)</subfield>
   </datafield>
   <datafield ind2="0" ind1="0" tag="245">
      <subfield code="a">Land use regression models for ultrafine particles in six european areas</subfield>
   </datafield>
</record></metadata></record></GetRecord></OAI-PMH>